México and the war : (Record no. 39117)

MARC details
000 -CABECERA
campo de control de longitud fija 00656nam a2200193 a 4500
005 - FECHA Y HORA DE LA ÚLTIMA TRANSACCIÓN
campo de control 20230223063546.0
008 - ELEMENTOS DE LONGITUD FIJA--INFORMACIÓN GENERAL
campo de control de longitud fija 991125s1917 ea 000 0 eng u
035 ## - NÚMERO DE CONTROL DEL SISTEMA
Número de control de sistema UPN01000039117
049 ## - COLECCIÓN
Colección CE
050 #4 - SIGNATURA TOPOGRÁFICA DE LA BIBLIOTECA DEL CONGRESO
Número de clasificación F1210.5 E6
Número de documento/Ítem G3.4
100 1# - ASIENTO PRINCIPAL--NOMBRE PERSONAL
Nombre de persona Garza, Emeterio de la,
Fechas asociadas al nombre 1873-1948
245 10 - MENCIÓN DE TÍTULO
Título México and the war :
Resto del título a lecture /
Mención de responsabilidad, etc. by Emeterio de la Garza.
260 ## - PUBLICACIÓN, DISTRIBUCIÓN, ETC.
Lugar de publicación, distribución, etc. New York :
Nombre del editor, distribuidor, etc. [s.n.],
Fecha de publicación, distribución, etc. 1917.
300 ## - DESCRIPCIÓN FÍSICA
Extensión 59 p., [2] h. de láms.
651 #4 - ASIENTO SECUNDARIO DE MATERIA - NOMBRE GEOGRAFICO
Nombre geográfico Estados Unidos
Subdivisión general Relaciones exteriores
Subdivisión geográfica México
9 (RLIN) 7995
651 #4 - ASIENTO SECUNDARIO DE MATERIA - NOMBRE GEOGRAFICO
Nombre geográfico MEXICO -
Subdivisión general RELACIONES EXTERIORES -
Subdivisión geográfica AMERICA LATINA
651 #4 - ASIENTO SECUNDARIO DE MATERIA - NOMBRE GEOGRAFICO
Nombre geográfico México
Subdivisión general Relaciones exteriores
Subdivisión geográfica Estados Unidos
9 (RLIN) 6689
905 ## - TIPO DE MATERIAL
Tipo de material Libro
Holdings
Estado de retiro Estado de pérdida Fuente del sistema de clasificación o colocación Estado dañado No para préstamo Código de colección Localización permanente Ubicación/localización actual Ubicación en estantería Total de préstamos Clasificación Código de barras Fecha visto por última vez Número de copia Tipo de ítem Koha
    Library of Congress Classification   Coleccion Esp. Colección Especial Bib. Gregorio Torres Quintero Bib. Gregorio Torres Quintero Colección Especial   F1210.5 E6 G3.4 41272 31/12/2020 1 Libro